Statistics for Countries of South America by Population

Click here to take the quiz!

General Stats

  • This quiz has been taken 41 times
  • The average score is 6 of 12

Answer Stats

HintAnswer% Correct
589kSuriname
90%
743kGuyana
86%
3.5mUruguay
71%
7.4mParaguay
62%
216mBrazil
57%
12mBolivia
52%
19.6mChile
38%
17.5mEcuador
33%
46mArgentina
29%
52.2mColombia
29%
33.7mPeru
24%
32.2mVenezuela
24%

Score Distribution

Percentile by Number Answered

Percent of People with Each Score

Your Score History

You have not taken this quiz